| 000 | 00414cam a2200181ua 4500 | ||
|---|---|---|---|
| 020 | _c10.00 | ||
| 041 |
_aeng _h |
||
| 082 |
_a823.308 _bAUS/EM |
||
| 100 | _aAusten, Jane . | ||
| 245 |
_aEmma / _cJane Austen. _hTextual Documents |
||
| 250 |
_a1 / _b. |
||
| 260 |
_aLondon : _bThe zodiac press , _c1960. |
||
| 300 | _a367 ; . | ||
| 365 | _a10.00 | ||
| 504 | _a | ||
| 942 | _cBK | ||
| 999 |
_c11974 _d11974 |
||